<?xml version="1.0" encoding="UTF-8"?>
<record
    xmlns:xsi="http://www.w3.org/2001/XMLSchema-instance"
    xsi:schemaLocation="http://www.loc.gov/MARC21/slim http://www.loc.gov/standards/marcxml/schema/MARC21slim.xsd"
    xmlns="http://www.loc.gov/MARC21/slim">

  <leader>00749nam a22001817a 4500</leader>
  <controlfield tag="003">NUST</controlfield>
  <datafield tag="040" ind1=" " ind2=" ">
    <subfield code="a">0</subfield>
  </datafield>
  <datafield tag="082" ind1=" " ind2=" ">
    <subfield code="a">621.382,HUS</subfield>
  </datafield>
  <datafield tag="100" ind1=" " ind2=" ">
    <subfield code="a">Hussain, Fahad </subfield>
    <subfield code="9">118371</subfield>
  </datafield>
  <datafield tag="245" ind1=" " ind2=" ">
    <subfield code="a">AI-Based Digital WSI Scanner for Cancer Detection (CANCERSCOPEX) /</subfield>
    <subfield code="c">Fahad Hussain, Hassaan Sami, Saad Gondal and Muneeb Ur Rehman. (TCC-31 / BETE-56)</subfield>
  </datafield>
  <datafield tag="264" ind1=" " ind2=" ">
    <subfield code="a">Rawalpindi </subfield>
    <subfield code="b">MCS (NUST) </subfield>
    <subfield code="c">2023</subfield>
  </datafield>
  <datafield tag="300" ind1=" " ind2=" ">
    <subfield code="a">69 p.;</subfield>
  </datafield>
  <datafield tag="505" ind1=" " ind2=" ">
    <subfield code="a">Introduction (Page-12), Literature Review (Page-26), Interfacing and Detection (Page-33), Code Analysis and Evaluation (Page-47), Conclusion (Page-60), Future Work (Page-61).  </subfield>
  </datafield>
  <datafield tag="650" ind1=" " ind2=" ">
    <subfield code="a"> UG EE Project </subfield>
    <subfield code="9">118090</subfield>
  </datafield>
  <datafield tag="690" ind1=" " ind2=" ">
    <subfield code="a">TCC-31 / BETE-56 </subfield>
    <subfield code="9">118237</subfield>
  </datafield>
  <datafield tag="700" ind1=" " ind2=" ">
    <subfield code="a">Supervised by Dr. Alina Mirza</subfield>
    <subfield code="9">131736</subfield>
  </datafield>
  <datafield tag="942" ind1=" " ind2=" ">
    <subfield code="2">ddc</subfield>
    <subfield code="c">PR</subfield>
  </datafield>
  <datafield tag="999" ind1=" " ind2=" ">
    <subfield code="c">603332</subfield>
    <subfield code="d">603332</subfield>
  </datafield>
  <datafield tag="952" ind1=" " ind2=" ">
    <subfield code="0">0</subfield>
    <subfield code="1">0</subfield>
    <subfield code="4">0</subfield>
    <subfield code="7">0</subfield>
    <subfield code="a">MCS</subfield>
    <subfield code="b">MCS</subfield>
    <subfield code="c">THE</subfield>
    <subfield code="d">2023-10-05</subfield>
    <subfield code="l">1</subfield>
    <subfield code="o">621.382,HUS</subfield>
    <subfield code="p">MCSPTC-453</subfield>
    <subfield code="r">2024-05-17</subfield>
    <subfield code="s">2024-04-30</subfield>
    <subfield code="w">2023-10-05</subfield>
    <subfield code="y">PR</subfield>
    <subfield code="z">Almirah No. 70, Shelf No.3</subfield>
  </datafield>
</record>
